<?xml version="1.0" encoding="UTF-8"?>
<collection xmlns="http://www.loc.gov/MARC21/slim">
    <record>
        <controlfield tag="001">76851</controlfield>
        <controlfield tag="005">20190118104156.0</controlfield>
        <datafield tag="024" ind1="8" ind2=" ">
            <subfield code="2">sideral</subfield>
            <subfield code="a">102975</subfield>
        </datafield>
        <datafield tag="037" ind1=" " ind2=" ">
            <subfield code="a">ART-2017-102975</subfield>
        </datafield>
        <datafield tag="041" ind1=" " ind2=" ">
            <subfield code="a">spa</subfield>
        </datafield>
        <datafield tag="100" ind1=" " ind2=" ">
            <subfield code="0">(orcid)0000-0001-8815-2102</subfield>
            <subfield code="a">Gónzalez-Varas Ibáñez, Alejandro</subfield>
            <subfield code="u">Universidad de Zaragoza</subfield>
        </datafield>
        <datafield tag="245" ind1=" " ind2=" ">
            <subfield code="a">Régimen jurídico de los bienes de interés cultural de los monasterios y conventos que dejan de estar habitados</subfield>
        </datafield>
        <datafield tag="260" ind1=" " ind2=" ">
            <subfield code="c">2017</subfield>
        </datafield>
        <datafield tag="506" ind1="0" ind2=" ">
            <subfield code="a">Access copy available to the general public</subfield>
            <subfield code="f">Unrestricted</subfield>
        </datafield>
        <datafield tag="520" ind1="3" ind2=" ">
            <subfield code="a">Este artículo analiza cuál es la situación legal en que quedan los bienes de los monasterios y conventos que deben cerrarse. Se trata de un fenómeno cada vez más frecuente en países de antigua tradición cristiana —como es el caso de España— que están  atravesando  una  situación  de  progresiva  secularización.  Tanto  los  inmuebles como los bienes muebles suelen tener un importante valor histórico-artístico, lo que afecta a su uso y tratamiento jurídico. Se comienza estudiando los mecanismos que prevé el Derecho canónico para suprimir una casa. A partir de aquí, se podrá conocer quién será el nuevo propietario de los bienes. Será preciso afrontar también cuál es el  régimen  jurídico-canónico  y  civil  que  afecta  a  su  conservación y, en  su  caso, al traslado de los objetos.</subfield>
        </datafield>
        <datafield tag="536" ind1=" " ind2=" ">
            <subfield code="9">info:eu-repo/grantAgreement/ES/MINECO/DER2015-65785</subfield>
        </datafield>
        <datafield tag="540" ind1=" " ind2=" ">
            <subfield code="9">info:eu-repo/semantics/openAccess</subfield>
            <subfield code="a">by-nc-nd</subfield>
            <subfield code="u">http://creativecommons.org/licenses/by-nc-nd/3.0/es/</subfield>
        </datafield>
        <datafield tag="655" ind1=" " ind2="4">
            <subfield code="a">info:eu-repo/semantics/article</subfield>
            <subfield code="v">info:eu-repo/semantics/publishedVersion</subfield>
        </datafield>
        <datafield tag="710" ind1="2" ind2=" ">
            <subfield code="1">4005</subfield>
            <subfield code="2">145</subfield>
            <subfield code="a">Universidad de Zaragoza</subfield>
            <subfield code="b">Dpto. Derecho Público</subfield>
            <subfield code="c">Área Dcho.Eclesiástico Estado</subfield>
        </datafield>
        <datafield tag="773" ind1=" " ind2=" ">
            <subfield code="g">74, 182 (2017), 159-194</subfield>
            <subfield code="p">Rev. esp. derecho canón.</subfield>
            <subfield code="t">Revista española de derecho canónico</subfield>
            <subfield code="x">0034-9372</subfield>
        </datafield>
        <datafield tag="856" ind1="4" ind2="1">
            <subfield code="u">https://summa.upsa.es/viewer.vm?id=47089&amp;view=main&amp;lang=es</subfield>
            <subfield code="z">Texto completo de la revista</subfield>
        </datafield>
        <datafield tag="856" ind1="4" ind2=" ">
            <subfield code="s">45787</subfield>
            <subfield code="u">http://zaguan.unizar.es/record/76851/files/texto_completo.pdf</subfield>
            <subfield code="y">Versión publicada</subfield>
        </datafield>
        <datafield tag="856" ind1="4" ind2=" ">
            <subfield code="s">49228</subfield>
            <subfield code="u">http://zaguan.unizar.es/record/76851/files/texto_completo.jpg?subformat=icon</subfield>
            <subfield code="x">icon</subfield>
            <subfield code="y">Versión publicada</subfield>
        </datafield>
        <datafield tag="909" ind1="C" ind2="O">
            <subfield code="o">oai:zaguan.unizar.es:76851</subfield>
            <subfield code="p">articulos</subfield>
            <subfield code="p">driver</subfield>
        </datafield>
        <datafield tag="951" ind1=" " ind2=" ">
            <subfield code="a">2019-01-18-09:41:06</subfield>
        </datafield>
        <datafield tag="980" ind1=" " ind2=" ">
            <subfield code="a">ARTICLE</subfield>
        </datafield>
    </record>

    
</collection>